Objects, images, and the word : (Record no. 17484)

000 -LEADER
fixed length control field 01594cam a22003254a 4500
008 - FIXED-LENGTH DATA ELEMENTS--GENERAL INFORMATION
fixed length control field 021003s2003 njua b 001 0 eng
010 ## - LIBRARY OF CONGRESS CONTROL NUMBER
LC control number 2002032746
020 ## - INTERNATIONAL STANDARD BOOK NUMBER
International Standard Book Number 0691115389 (cloth : alk. paper)
020 ## - INTERNATIONAL STANDARD BOOK NUMBER
International Standard Book Number 9780691115382
020 ## - INTERNATIONAL STANDARD BOOK NUMBER
International Standard Book Number 0691115397 (paper : alk. paper)
050 00 - LIBRARY OF CONGRESS CALL NUMBER
Classification number N7850 .O25 2003
245 00 - TITLE STATEMENT
Title Objects, images, and the word :
Remainder of title art in the service of the liturgy /
Statement of responsibility, etc. edited by Colum Hourihane.
260 ## - PUBLICATION, DISTRIBUTION, ETC. (IMPRINT)
Place of publication, distribution, etc. Princeton, NJ :
Name of publisher, distributor, etc. Index of Christian Art, Dept. of Art and Archaeology, Princeton University in association with Princeton University Press,
Date of publication, distribution, etc. 2003.
300 ## - PHYSICAL DESCRIPTION
Extent 326 p. :
Other physical details ill. ;
Dimensions 29 cm.
490 1# - SERIES STATEMENT
Series statement Index of Christian Art occasional papers ;
Volume/sequential designation 6
504 ## - BIBLIOGRAPHY, ETC. NOTE
Bibliography, etc Includes bibliographical references and index.
650 #0 - SUBJECT ADDED ENTRY--TOPICAL TERM
Topical term or geographic name as entry element Christian art and symbolism
Chronological subdivision Medieval, 500-1500.
650 #0 - SUBJECT ADDED ENTRY--TOPICAL TERM
Topical term or geographic name as entry element Liturgy and art.
700 1# - ADDED ENTRY--PERSONAL NAME
Personal name Hourihane, Colum,
856 42 - ELECTRONIC LOCATION AND ACCESS
Materials specified Publisher description
Uniform Resource Identifier <a href="http://www.loc.gov/catdir/description/prin031/2002032746.html">http://www.loc.gov/catdir/description/prin031/2002032746.html</a>
942 ## - ADDED ENTRY ELEMENTS (KOHA)
Source of classification or shelving scheme
Koha item type Hard Covered Materials
Classification part N7850 .O25 2003
Holdings
Withdrawn status Lost status Source of classification or shelving scheme Damaged status Not for loan Home library Current library Shelving location Date acquired Source of acquisition Total Checkouts Full call number Barcode Date last seen Price effective from Koha item type
          MACHAKOS UNIVERSITY LIBRARY MACHAKOS UNIVERSITY LIBRARY Open shelf 26/11/2016 Donation(BFA)   N7850 .O25 2003 28397 26/11/2016 26/11/2016 Hard Covered Materials
© Machakos University Library, Along The Highway, Machakos Wote Rd, Machakos, Kenya P.O. Box 136 - 90100 Machakos - Kenya

Tel: ( +254 ) 723 805829 OR Fax : 044-20353 OR Email: library@mksu.ac.ke